Bagdad - Choix Multiples - Statistiques

Statistiques générales
  • Ce quiz a été pris 63 fois
  • Le résultat moyen est 6 sur 10
Statistiques - réponses
Question Réponse % Correct
Quelle branche des mathématiques serait née à Bagdad, inventée par le mathématicien Al-Khwârizmî? L'algèbre
84%
Quels types de bâtiments faisaient la renommée de Bagdad au Moyen-Âge? Des bibliothèques
75%
Les ruines de quelle ville antique se situent à environ 100km au sud de Bagdad? Babylone
67%
Quel peuple a mis à sac Bagdad en 1258? Les Mongols
67%
Quel fleuve traverse Bagdad? Le Tigre
58%
Quel califat est à l'origine de la ville? Califat Abbasside
56%
Quelle forme avait la ville de Bagdad à sa fondation? Ronde
53%
Quelle photo parmi celles-ci illustre un bâtiment de Bagdad?
49%
Quelle fibre textile naturelle, produite dans la ville, était désignée sous le nom de "baldaquin"? Soie
49%
Quel ingrédient est à la base du Masgouf, plat national iraquien originaire de la région? Du poisson
20%
Aucun quiz correspondant
Distribution des résultats
% des personnes avec chaque résultat
Percentile par nombre de réponses
Votre historique - résultats
Vous n’avez pas pris ce quiz